Biodiversity in land-inland water ecotones /

Se reúnen trabajos acerca de estudios e intervenciones en ecosistemas en zonas de contacto entre cuerpos acuáticos y terrestres, bajo riesgo ambiental.

Enregistré dans:
Détails bibliographiques
Auteur principal: Lachavanne, Jean-Bernard (ed.)
Autres auteurs: Juge, Raphaëlle (edición) (edición)
Format: Livre
Langue:anglais
Publié: París, Francia : Nueva York, EUA : UNESCO ; Parthenon, 1997, c1997
Collection:(Man and the Biosphere ; 18)
Sujets:
Tags: Ajouter un tag
Pas de tags, Soyez le premier à ajouter un tag!

MARC

LEADER 00000nam^a2200000^a^4500
001 000091988
005 20250521000000.0
009 20260310092706.278
020 |a 1-85070-735-9 
037 |a Acervo ITESO - Biblioteca 
041 |a ING 
082 |a 574. 52632  |b LAC 
100 |a Lachavanne, Jean-Bernard  |e (ed.) 
245 1 0 |a Biodiversity in land-inland water ecotones /  |c Ed. de J.-B. Lachavanne, R. Juge. 
264 4 |a París, Francia :  |b UNESCO ;  |a Nueva York, EUA :  |b Parthenon,  |c 1997, c1997 
300 |a 308 p. 
336 |a texto  |b txt  |2 rdacontenido 
337 |a sin mediación  |b n  |2 rdamedio 
338 |a volumen  |b nc  |2 rdasoporte 
440 1 |a (Man and the Biosphere ;  |v 18) 
520 |a Se reúnen trabajos acerca de estudios e intervenciones en ecosistemas en zonas de contacto entre cuerpos acuáticos y terrestres, bajo riesgo ambiental. 
649 |a XX 
650 |a Biodiversidad 
650 |a Ecosistemas 
650 |a Ecología Marina 
650 |a Ecología 
650 |a Biología Marina 
650 |a Biología de Agua Dulce 
650 |a Ingeniería Ambiental 
650 |a Conservación y Protección Ambiental 
700 |a Juge, Raphaëlle  |e (edición) 
910 |a Fondo General 
920 |a Impresos - Libros 
930 |a Colección General 
905 |a 101 
901 |a 0500026322  |b IT1  |c ACC  |u 20250521 
902 |a https://opac.biblio.iteso.mx/vufind/Record/000091988